| 000 | 00974nam a22003017a 4500 | ||
|---|---|---|---|
| 001 | BR8301478 | ||
| 003 | BR-BrBNA | ||
| 005 | 20230928091624.0 | ||
| 007 | ta | ||
| 008 | 230509b bl.||||| |||| 00| 0 por d | ||
| 040 |
_aBR-BrBNA _bpor _cBiblioteca Nacional de Agricultura |
||
| 041 | _a(Por) | ||
| 072 |
_aF22 _b3830 |
||
| 090 | _ 3830 BR8301478 | ||
| 100 | 1 | _aResende, J.M. do A. | |
| 110 | 1 |
_aUniversidade Federal de Vicosa, MG (Brasil) _0Tese (Magister Scientiae) |
|
| 245 | 1 | _aComparacao de indices de sorcao de fosforo no solo | |
| 246 | 1 | _a[Comparison of phosphorus sorption rates in the soil] | |
| 260 | 3 |
_aVicosa, MG (Brasil): _c1983. |
|
| 300 | _a79 p. | ||
| 500 | _a41 tables; Bibliography p. 72-79 (70 ref.); Summary (Por). (*) Documento disponível na(o) Universidade Federal de Vicosa, MG (Brazil) | ||
| 650 | _aFOSFORO | ||
| 650 | _aSOLO | ||
| 650 | _aABSORCAO | ||
| 650 | _aADSORCAO | ||
| 909 |
_a202309 _bLucia _c55 _dLucia Elande |
||
| 942 | _cBK | ||
| 999 |
_c34701 _d34701 |
||